| 000 -LEADER |
| fixed length control field |
00875nam a2200253Ia 4500 |
| 001 - CONTROL NUMBER |
| control field |
16405 |
| 003 - CONTROL NUMBER IDENTIFIER |
| control field |
GE_BSU |
| 008 - FIXED-LENGTH DATA ELEMENTS--GENERAL INFORMATION |
| fixed length control field |
181216s||||||||xx |||||||||||||| ||und|| |
| 020 ## - INTERNATIONAL STANDARD BOOK NUMBER |
| International Standard Book Number |
9780495802648 |
| 040 ## - CATALOGING SOURCE |
| Transcribing agency |
GE_BSU |
| 080 ## - UNIVERSAL DECIMAL CLASSIFICATION NUMBER |
| Universal Decimal Classification number |
32.001 |
| 100 ## - MAIN ENTRY--PERSONAL NAME |
| Personal name |
Kaarbo, Juliet; James Lee Ray |
| 245 ## - TITLE STATEMENT |
| Title |
Global Politics |
| 250 ## - EDITION STATEMENT |
| Edition statement |
10 th Edition |
| 260 ## - PUBLICATION, DISTRIBUTION, ETC. |
| Place of publication, distribution, etc. |
USA |
| 260 ## - PUBLICATION, DISTRIBUTION, ETC. |
| Name of publisher, distributor, etc. |
WADSWORTH ,Cengane Learing |
| 260 ## - PUBLICATION, DISTRIBUTION, ETC. |
| Date of publication, distribution, etc. |
2011 |
| 300 ## - PHYSICAL DESCRIPTION |
| Extent |
590p;24cm. |
| 653 ## - INDEX TERM--UNCONTROLLED |
| Uncontrolled term |
Global Politics |
| 653 ## - INDEX TERM--UNCONTROLLED |
| Uncontrolled term |
Written in clear and accessible prose, GLOBAL POLITICS discusses the major theories of international relations and provides students with the historical background to understand global politics. This new edition is a thorough revision and reflects the latest developments in world events and the stud |
| 653 ## - INDEX TERM--UNCONTROLLED |
| Uncontrolled term |
პოლიტიკა |
| 942 ## - ADDED ENTRY ELEMENTS (KOHA) |
| Koha item type |
წიგნი |